<?xml version="1.0" encoding="UTF-8"?>
<record
    xmlns:xsi="http://www.w3.org/2001/XMLSchema-instance"
    xsi:schemaLocation="http://www.loc.gov/MARC21/slim http://www.loc.gov/standards/marcxml/schema/MARC21slim.xsd"
    xmlns="http://www.loc.gov/MARC21/slim">

  <leader>01382nam a2200229 a 4500</leader>
  <controlfield tag="001">BRCA_8878</controlfield>
  <controlfield tag="005">20190320210438.0</controlfield>
  <controlfield tag="008">140617s1776----be-#######---#000-0#spa-#</controlfield>
  <datafield tag="041" ind1=" " ind2=" ">
    <subfield code="a">spa</subfield>
  </datafield>
  <datafield tag="044" ind1=" " ind2=" ">
    <subfield code="a">be</subfield>
  </datafield>
  <datafield tag="084" ind1=" " ind2=" ">
    <subfield code="a">BE261</subfield>
    <subfield code="b">.C67 1776</subfield>
  </datafield>
  <datafield tag="100" ind1="1" ind2=" ">
    <subfield code="a">Cormon, Francisco</subfield>
    <subfield code="9">22098</subfield>
  </datafield>
  <datafield tag="245" ind1="1" ind2="0">
    <subfield code="a">Sobrino aumentado, o diccionario de las lenguas espa&#xF1;ola, francesa y latina, compuesto de los mejores Diccionarios, que hasta ahora han salido a la luz: dividido en tres tomos: los dos primeros contienen el Espa&#xF1;ol explicado por el Franc&#xE9;s y el Lat&#xED;n, y l tercero el Franc&#xE9;s explicado por el Espa&#xF1;ol, y el Lat&#xED;n, con un diccionario abreviado de geographia, en donde se hallan los nombres de los Reinos, de las ciudades, de los Mares, y R&#xED;os del Mundo</subfield>
    <subfield code="c">Por Francisco Cormon, Maestro de Artes en la Universidad de Par&#xED;s, y Lengua castellana; tomo primero; a-e.</subfield>
  </datafield>
  <datafield tag="260" ind1=" " ind2=" ">
    <subfield code="a">Amberes</subfield>
    <subfield code="b">A costa de los Hermanos de Tournes</subfield>
    <subfield code="c">1776</subfield>
  </datafield>
  <datafield tag="300" ind1=" " ind2=" ">
    <subfield code="a">589 p. (t.1)</subfield>
    <subfield code="c">26.5 X 20.5 cm</subfield>
  </datafield>
  <datafield tag="500" ind1=" " ind2=" ">
    <subfield code="a">Esstado f&#xED;sico: encuadernaci&#xF3;n en pergamino dteriorado, con lomo semi desprendido, algunas hojas sueltas, cintas rotas y presencia del pez de plata</subfield>
  </datafield>
  <datafield tag="650" ind1="1" ind2="4">
    <subfield code="a">Lat&#xED;n</subfield>
    <subfield code="v">diccionario</subfield>
    <subfield code="y">Obras anteriores a 1800</subfield>
    <subfield code="9">22099</subfield>
  </datafield>
  <datafield tag="650" ind1="1" ind2="4">
    <subfield code="a">Espa&#xF1;ol</subfield>
    <subfield code="v">diccionario</subfield>
    <subfield code="y">Obras anteriores a 1800</subfield>
    <subfield code="9">22100</subfield>
  </datafield>
  <datafield tag="650" ind1="1" ind2="4">
    <subfield code="a">Franc&#xE9;s</subfield>
    <subfield code="v">diccionario</subfield>
    <subfield code="y">Obras anteriores a 1800</subfield>
    <subfield code="9">22101</subfield>
  </datafield>
  <datafield tag="902" ind1=" " ind2=" ">
    <subfield code="a">CFM</subfield>
  </datafield>
  <datafield tag="942" ind1=" " ind2=" ">
    <subfield code="2">lcc</subfield>
    <subfield code="c">B</subfield>
  </datafield>
  <datafield tag="999" ind1=" " ind2=" ">
    <subfield code="c">8529</subfield>
    <subfield code="d">8529</subfield>
  </datafield>
  <datafield tag="952" ind1=" " ind2=" ">
    <subfield code="0">0</subfield>
    <subfield code="1">0</subfield>
    <subfield code="4">0</subfield>
    <subfield code="7">0</subfield>
    <subfield code="a">BRCA</subfield>
    <subfield code="b">BRCA</subfield>
    <subfield code="d">2017-06-14</subfield>
    <subfield code="l">0</subfield>
    <subfield code="o">BE261 .C67 1776</subfield>
    <subfield code="p">CFM00201</subfield>
    <subfield code="r">2019-03-22 00:00:00</subfield>
    <subfield code="w">2019-03-22</subfield>
    <subfield code="y">B</subfield>
  </datafield>
</record>
